Reprezentacje które wygrały mistrzostwa świata - Nagła śmierć - Statystyki

Ogólne statystyki
  • Ten quiz został rozwiązany 47 razy
  • Średni wynik to 7 z 8
Answers on the Grid
Answers color-coded by a green-red scale on the quiz's grid according to % correct below.
Holandia
Hiszpania
Urugwaj
Niemcy
Portugalia
Brazylia
Stany Zjednoczone
Belgia
Włochy
Nigeria
Szwajcaria
Austria
Rosja
Anglia
Australia
Francja
Egipt
Kolumbia
Argentyna
Ukraina
 
Statystyki odpowiedzi
Odpowiedź % Poprawnych
Hiszpania
92%
Niemcy
86%
Argentyna
83%
Brazylia
83%
Francja
81%
Włochy
81%
Urugwaj
75%
Anglia
72%
Nie znaleziono quizów pasujących do podanych kryteriów
Rozkład punktacji
Procent ludzi z każdym wynikiem
Percentyl według liczby udzielonych odpowiedzi
Twoja historia wyników
Nie rozwiązałeś tego quizu